000 00589nam a22001817a 4500
005 20251108164239.0
008 250721s1968 xx 000 0 ara d
082 1 4 _a621.38/رزق
100 1 _aباسيلي، رزق
245 1 0 _a+هندسة النقل الكهربائي /
264 1 _aالقاهرة :
_bدار النهضة المصرية،
_c1968.
300 _a
500 _aالجزء الأول باستخدام التيار المستمر
650 1 7 _aهندسة المواصلات
650 1 7 _aالهندسة الكهربائية
942 _2ddc
_cBK
999 _c7400
_d7400